Rio de Janeiro True or False? - Statistics

General Stats
  • This quiz has been taken 202 times
  • The average score is 10 of 15
Answer Stats
Question Answer % Correct
Rio annually hosts the world's largest Carnival True
92%
More than one in five people in Rio live in favelas, or slums True
92%
Rio is the capital of Brazil False
85%
Jorge Luis Borges, Lionel Messi and Pope Francis were all born in Rio False
82%
Rio is the oldest city in Brazil False
79%
Rio is the largest city in Brazil False
74%
Rio was once the capital of the Portuguese Empire True
74%
Rio is further north than Cape Town True
72%
Brazilian President Jair Bolsonaro began his political career in Rio True
64%
Rio's temperature in winter sometimes dips below freezing overnight False
59%
Rio is the only city in the southern hemisphere to have hosted the Summer Olympics False
56%
Rio sits at the mouth of the January River, from which it derives its name False
54%
A majority of residents of Rio are black False
46%
By ridership, Rio has the largest public bus network in the world True
46%
Christ the Redeemer is the tallest statue of Jesus Christ in the world False
28%
No matching quizzes found
Score Distribution
Percent of People with Each Score
Percentile by Number Answered
Your Score History
You have not taken this quiz